Pathways 2 (Record no. 18406)
[ view plain ]
| 000 -LEADER | |
|---|---|
| fixed length control field | 00725cgm a22002057a 4500 |
| 005 - DATE AND TIME OF LATEST TRANSACTION | |
| control field | 20201125063855.0 |
| 007 - PHYSICAL DESCRIPTION FIXED FIELD--GENERAL INFORMATION | |
| fixed length control field | vd cgaizm |
| 008 - FIXED-LENGTH DATA ELEMENTS--GENERAL INFORMATION | |
| fixed length control field | 140923t2012 xxx42 f |||| 0| vleng d- |
| 020 ## - INTERNATIONAL STANDARD BOOK NUMBER | |
| International Standard Book Number | 9781111350413 |
| 020 ## - INTERNATIONAL STANDARD BOOK NUMBER | |
| International Standard Book Number | 1111350418 |
| 040 ## - CATALOGING SOURCE | |
| Original cataloging agency | EG-ScBUE |
| 082 00 - DEWEY DECIMAL CLASSIFICATION NUMBER | |
| Edition number | 22 |
| Classification number | 428.0071 |
| Item number | CHA |
| 100 1# - MAIN ENTRY--PERSONAL NAME | |
| 9 (RLIN) | 35966 |
| Personal name | Chase, Becky Tarver |
| 245 00 - TITLE STATEMENT | |
| Title | Pathways 2 |
| Medium | [videorecording] / |
| Remainder of title | listening, speaking, and critical thinking : DVD / |
| Statement of responsibility, etc | Becky Tarver Chase, Kristin L. Johannsen. |
| 246 3# - VARYING FORM OF TITLE | |
| Title proper/short title | Pathways two |
| 260 ## - PUBLICATION, DISTRIBUTION, ETC. (IMPRINT) | |
| Place of publication, distribution, etc | [S. l.] : |
| Name of publisher, distributor, etc | National Geographic : |
| -- | Heinle Cengage Learning, |
| Date of publication, distribution, etc | c.2012. |
| 300 ## - PHYSICAL DESCRIPTION | |
| Extent | 1 videodisc (42:45 min.) : |
| Other physical details | sd., col. ; |
| Dimensions | 4 3/4 in. |
| 700 1# - ADDED ENTRY--PERSONAL NAME | |
| 9 (RLIN) | 35967 |
| Personal name | Johannsen, Kristin L. |
| 942 ## - ADDED ENTRY ELEMENTS (KOHA) | |
| Source of classification or shelving scheme | Dewey Decimal Classification |
| Item type | |
| Call number prefix | 428.0071 CHA |
| Withdrawn status | Lost status | Source of classification or shelving scheme | Damaged status | Not for loan | Home library | Current library | Shelving location | Date acquired | Source of acquisition | Cost, normal purchase price | Total Checkouts | Full call number | Barcode | Date last seen | Date last borrowed | Cost, replacement price | Koha item type |
|---|---|---|---|---|---|---|---|---|---|---|---|---|---|---|---|---|---|
| Dewey Decimal Classification | Central Library | Central Library | Second Floor | 24/09/2014 | 520.00 | 1 | 428.0071 CHA TR | 000036345 | 24/08/2022 | 11/10/2014 | 650.00 | CD | DVD - Teacher resource | |||||
| Dewey Decimal Classification | Central Library | Central Library | Second Floor | 24/09/2014 | 520.00 | 428.0071 CHA TR | 000036346 | 24/08/2022 | 650.00 | CD | DVD - Teacher resource | |||||||
| Dewey Decimal Classification | Central Library | Central Library | Second Floor | 24/09/2014 | 520.00 | 428.0071 CHA TR | 000036347 | 24/08/2022 | 650.00 | CD | DVD - Teacher resource |